000
00284nam a22001337a 4500
003
SGT
082
_a
9788131253809
_b
MAH
100
_a
MAHMOOD TAHIR
245
_a
INTRODUCTION TO MUSLIM LAW
250
_a
2
260
_a
GURGAON
_b
LEXIS NEXIS
_c
2026
300
_a
244
942
_2
ddc
_c
BK
999
_c
34123
_d
34123